Programové zabezpečenie pre vyhodnocovanie experimentálne získaných hodnôt : Diplomová práca

Guardado en:
Detalles Bibliográficos
Autor principal: Hozza, Viktor (Autor)
Otros Autores: Králik, Marián, 1953- (xxx)
Formato: Manuscrito Libro
Lenguaje:eslovaco
Publicado: Trnava : SVŠT v Bratislave StF KASRVP, 1987
Materias:
Etiquetas: Agregar Etiqueta
Sin Etiquetas, Sea el primero en etiquetar este registro!

MARC

LEADER 00000ntm a22000003a 4500
001 stu75178
005 20160719162705.0
008 020320s1987----cs------------------slo-d
040 |a STU  |b slo 
041 0 |a slo 
044 |a cs 
100 1 |a Hozza, Viktor  |4 aut 
245 1 |a Programové zabezpečenie pre vyhodnocovanie experimentálne získaných hodnôt :  |b Diplomová práca 
260 |a Trnava :  |b SVŠT v Bratislave StF KASRVP,  |c 1987 
300 |a 49 s 
650 7 |a Hodnoty experimentálne  |2 stusub 
650 7 |a programy počítačové  |2 stusub 
650 7 |a Systémy výrobné-projektovanie  |2 stusub 
700 1 |a Králik, Marián,  |d 1953-  |4 xxx  |u J120  |U SjF Ústav výrobných systémov, enviromentálnej techniky a manažment kvality  |T SjF Katedra výrobných systémov  |X 2483  |U J120  |Y 38  |7 A000002483 
996 |b 284M041952  |c M*DP-1552  |l MMSKP  |s P  |a 0  |w stu75178_0001